|
|
|
|
| LEADER |
00000nam0a2200000 4500 |
| 001 |
104544 |
| 005 |
20231101214544.0 |
| 010 |
|
|
|a 5769522917
|
| 035 |
|
|
|a (RuTPU)RU\TPU\book\112729
|
| 090 |
|
|
|a 104544
|
| 100 |
|
|
|a 20061102d2006 m y0rusy50 ca
|
| 101 |
0 |
|
|a rus
|
| 102 |
|
|
|a RU
|
| 105 |
|
|
|a a j 001zy
|
| 200 |
1 |
|
|a Технология машиностроения
|e учебник
|f Л. В. Лебедев [и др.]
|
| 210 |
|
|
|a Москва
|c Aкадемия
|d 2006
|
| 215 |
|
|
|a 528 с.
|c ил.
|
| 225 |
1 |
|
|a Высшее профессиональное образование. Машиностроение
|
| 320 |
|
|
|a Библиогр.: с. 521-522.
|
| 330 |
|
|
|a Рассмотрены теоретические основы технологии изготовления и сборки изделий машиностроения. Изложены основные принципы построения типовых технологических процессов изготовления деталей машин. Приведена методика проектирования технологии изготовления деталей и сборки. Для студентов вузов, обучающихся по специальностям «Технология, оборудование и автоматизация машиностроительных производств», «Автоматизация и управление», «Технология машиностроения», «Металлорежущие станки и инструменты», «Машиностроительные технологии и оборудование», «Автоматизация технологических процессов и производств (по отраслям)» и «Автоматизация и управление».
|
| 606 |
1 |
|
|a Технология машиностроения
|2 stltpush
|3 (RuTPU)RU\TPU\subj\60151
|9 77640
|
| 610 |
1 |
|
|a машиностроение
|
| 610 |
1 |
|
|a детали машин
|
| 610 |
1 |
|
|a машины
|
| 610 |
1 |
|
|a изготовление
|
| 610 |
1 |
|
|a размерные цепи
|
| 610 |
1 |
|
|a механосборочное производство
|
| 610 |
1 |
|
|a техническое нормирование
|
| 610 |
1 |
|
|a качество
|
| 610 |
1 |
|
|a точность
|
| 610 |
1 |
|
|a поверхности
|
| 610 |
1 |
|
|a припуски
|
| 610 |
1 |
|
|a технологические процессы
|
| 610 |
1 |
|
|a проектирование
|
| 610 |
1 |
|
|a корпусные детали
|
| 610 |
1 |
|
|a зубчатые передачи
|
| 610 |
1 |
|
|a рычаги
|
| 610 |
1 |
|
|a крупногабаритные детали
|
| 610 |
1 |
|
|a вилки
|
| 610 |
1 |
|
|a сборка
|
| 610 |
1 |
|
|a соединения
|
| 610 |
1 |
|
|a учебники
|
| 610 |
1 |
|
|a технология
|
| 675 |
|
|
|a 621.002(075.8)
|v 3
|
| 701 |
|
1 |
|a Лебедев
|b Л. В.
|g Леонид Викторович
|
| 701 |
|
1 |
|a Мнацаканян
|b В. У.
|g Виктория Умедовна
|
| 701 |
|
1 |
|a Погонин
|b А. А.
|g Анатолий Алексеевич
|
| 701 |
|
1 |
|a Схиртладзе
|b А. Г.
|g Александр Георгиевич
|
| 701 |
|
1 |
|a Тимирязев
|b В. А.
|g Владимир Анатольевич
|
| 801 |
|
1 |
|a RU
|b 63413507
|c 20061102
|g PSBO
|
| 801 |
|
2 |
|a RU
|b 63413507
|c 20220517
|g PSBO
|
| 900 |
|
|
|a Технология машиностроения
|
| 942 |
|
|
|c BK
|
| 952 |
|
|
|b 151000
|b 151001
|b 150900
|b 151002
|b 150200
|b 220301
|b 220200
|
| 959 |
|
|
|a 90/20061025
|d 2
|e 202,00
|f АНЛ:1
|f НФ:1
|